Die koptischen Ostraka der Papyrussammlung der Osterreichischen Nationalbibliothek Texte, Ubersetzungen, Indices

محفوظ في:

مؤلف مشترك: Osterreichische Nationalbibliothek

مؤلفون آخرون: Till, Walter Curt 1894-1963

التنسيق: كتاب

اللغة: German
Coptic

منشور في: Wien H. Bohlaus Nachf. Kommissionsverlag der Osterreichischen Akademie der Wissenschaften 1960

سلاسل: Denkschriften 78,1

الوسوم: إضافة وسم

لا توجد وسوم, كن أول من يضع وسما على هذه التسجيلة!

رقم الطلب: (F) PJ2196.V7N3 T6

LEADER 01114nam a2200265Mc 4500
001 on1407695193
003 OCoLC
005 20240130075139.0
008 201011s1960 au b 000 0 ger d
010 |a a 64000523  
041 0 |a ger  |a cop 
050 4 |a (F) PJ2196.V7N3  |b T6 
245 0 0 |a Die koptischen Ostraka der Papyrussammlung der Osterreichischen Nationalbibliothek  |b Texte, Ubersetzungen, Indices  |c von Walter C. Till. 
264 1 |a Wien  |b H. Bohlaus Nachf.  |b Kommissionsverlag der Osterreichischen Akademie der Wissenschaften  |c 1960 
300 |a x, 114 pages  |c 30 cm 
336 |a text  |b txt  |2 rdacontent 
337 |a unmediated  |b n  |2 rdamedia 
338 |a volume  |b nc  |2 rdacarrier 
490 1 |a Osterreichische Akademie der Wissenschaften; philosophisch-historische Klasse; Denkschriften  |v 78. Band, 1. Abh. 
500 |a Vorgelegt in der Sitzung am 14. Oktober 1959 
504 |a Includes bibliographical references (pages ix-x) 
700 1 |a Till, Walter Curt  |d 1894-1963  |0 (IDREF)028500865 
710 2 |a Osterreichische Nationalbibliothek 
830 0 |a Denkschriften  |v 78,1  |w (RERO)0010497-41slsp 
999 |c 55719  |d 55719